000 00670nam a2200217Ia 4500
001 15283
003 GE_BSU
008 181216s||||||||xx |||||||||||||| ||und||
040 _cGE_BSU
080 _a821.353.1-1
100 _aშანშიაშვილი,სანდრო
245 _aგავლილი შარა. ლექსები
245 _cპ/მ რედ.ა.ჭეიშვილი
260 _aთბილისი
260 _bსახელგამი
260 _c1935
300 _a295გვ.1ფ.პორტრ.18სმ.
653 _aგავლილი შარა
653 _aლექსები
942 _cBK
999 _c48393
_d48393